00233nam a2200085Ia 4500001000800000005001700008008004100025245006000066260002100126120630820251009143337.0250824s9999 xx 000 0 und d 0aGÜNEŞİMİN ÖNÜNDEN ÇEKİL cA.ALİ URAL bŞULE YAYINLARI